00763nam a2200253 a 4500001001300000003000900013005001700022008004100039020001000080082002100090100001600111245003400127260004600161300000900207500003500216505004600251650002900297650002100326700001600347902000800363942000700371952011400378999001700492nice12345678IN_TiNIC20260116014243.0050524s1987 newa grp 000 0 eng  ac15000a305.6945097bBAK aBakshi, S R aGandhi and Hindu-Muslim Unity aNew DelhibDeep & Deep Publicationsc1987 a190p aincludes index and biblioraphy2 aAppendices, Glossary, Bibliography, Index aIslam-Relations Hinduism aGandhi and Islam1 aBakshi, S R bSRS cBK 00104070aHMIbHMId2007-10-01g150.00l3o305.6945097 BAKp020023r2022-04-19s2022-01-27w2026-01-16yEB c14526d14526